Paul Rudd-Sudden Death - Statistics

General Stats
  • This quiz has been taken 42 times
  • The average score is 7 of 20
Answers on the Grid
Answers color-coded by a green-red scale on the quiz's grid according to % correct below.
Friends
Spiderman 2
The Fundamentals of Caring
Death of a Unicorn
Ant-Man
Mean Girls
The Bear
Fight Club
How I Met Your Mother
Silver Linings Playbook
Clueless
This is 40
The 40 Year Old Virgin
Only Murders in the Building
Juno
I Love You Man
Cars
Role Models
Happy Gilmore
American Psycho
Romeo and Juliet
Knocked Up
Bridesmaids
Fly Me to The Moon
Chef
The Duff
A Real Pain
The Suicide Squad
Ghostbusters: Afterlife
How Do You Know
13 Going on 30
John Wick
Parks and Recreation
Living With Yourself
The Perks of Being a Wallflower
Stranger Things
Dinner for Schmucks
The White Lotus
Forgetting Sarah Marshall
Wet Hot American Summer
 
Answer Stats
Answer % Correct
Ant-Man
89%
Friends
61%
Clueless
50%
This is 40
44%
Ghostbusters: Afterlife
39%
I Love You Man
39%
The 40 Year Old Virgin
39%
Death of a Unicorn
33%
Forgetting Sarah Marshall
33%
Parks and Recreation
33%
Role Models
33%
The Fundamentals of Caring
33%
The Perks of Being a Wallflower
33%
Dinner for Schmucks
28%
Knocked Up
28%
Living With Yourself
28%
Only Murders in the Building
28%
Wet Hot American Summer
28%
Romeo and Juliet
22%
How Do You Know
17%
No matching quizzes found
Score Distribution
Percent of People with Each Score
Percentile by Number Answered
Your Score History
You have not taken this quiz